| 000 | 00356nam a2200097Ia 4500 | ||
|---|---|---|---|
| 008 | 180130s9999 xx 000 0 und d | ||
| 245 |
_cLock, Andrew; Zukow-Goldring, Patricia _aPreverbal communication |
||
| 260 | _c2014 | ||
| 300 | _aBook title: Blackwell handbook of infant development--Acession number C19029; pages 396-427 | ||
| 650 | _aINFANTS--DEVELOPMENT | ||
| 999 |
_c354034 _d354034 |
||